000 00283nam a22001337a 4500
008 181012b xxu||||| |||| 00| 0 eng d
020 _a9780300049060
041 _aeng
080 _a159.9
100 _a48
101 _aPSI
245 _aLost in a Book
_cNell,V
942 _2udc
_cBK
999 _c49581
_d49581